[Event "AUTO-OPEN-4304"]
[Site "http://www.queenalice.com/game.php?id=1768375"]
[Date "2021.8.31"]
[Round "1"]
[White "zecafernandes"]
[Black "Petruzza"]
[Result "0-1"]
[WhiteElo "1437"]
[BlackElo "1814"]

1. e4 e5 2. a3 Nc6 3. Nf3 Bd6 4. h4 Nf6 5. Ng5 Nd4 6. Bc4 Ne6 7. b4 Nxg5 8. hxg5
Nxe4 9. g6 hxg6 10. Rxh8+ Bf8 11. Qf3 f5 12. Qh3 Qf6 13. Qh7 Ng5 14. Qh4 c6 15.
Bb2 d6 16. Nc3 b5 17. Bd3 a5 18. Na2 axb4 19. Nxb4 d5 20. Nxc6 Qxc6 21. Qxg5 d4
22. Rc1 Qf6 23. Bxb5+ Kf7 24. Bc4+ Be6 25. d3 Qxg5 26. Bxe6+ Kxe6 27. Ra1 Bb4+
28. axb4 Rxh8 29. Ra6+ Kd7 30. b5 Qxg2 31. Ba3 Rh1+ 32. Ke2 Qf1+ 0-1

[Event "AUTO-OPEN-4304"]
[Site "http://www.queenalice.com/game.php?id=1768376"]
[Date "2021.8.31"]
[Round "1"]
[White "Petruzza"]
[Black "zecafernandes"]
[Result "1-0"]
[WhiteElo "1816"]
[BlackElo "1435"]

1. e4 a6 2. Qf3 e5 3. Bc4 Nh6 4. d3 f6 5. Bxh6 Qe7 6. Bd2 Nc6 7. Ne2 a5 8. Na3
h6 9. Nc3 Nd4 10. Qh5+ Kd8 11. Nd5 Qd6 12. c3 Ne6 13. Nb5 Qc5 14. b4 Qc6 15. f4
axb4 16. cxb4 d6 17. Ndc3 Bd7 18. f5 Be8 19. Qf3 Qa6 20. Nxc7 Nxc7 21. Bxa6 Nxa6
22. b5 Nb4 23. O-O Nc2 24. Rfc1 Nd4 25. Qe3 g5 26. a4 Rg8 27. Nd5 Nb3 28. Nxf6
Nxc1 29. Bxc1 Rg7 30. Nxe8 Kxe8 31. a5 Rc7 32. a6 bxa6 33. Rxa6 Rac8 34. Ba3 Rc3
35. Bxd6 Rc1+ 36. Kf2 R8c2+ 37. Kg3 Bxd6 38. Rxd6 Rf1 39. b6 Rb2 40. Rxh6 Kf7
41. Qxg5 Rff2 42. Rh7+ 1-0

[Event "AUTO-INT-3705"]
[Site "http://www.queenalice.com/game.php?id=1771197"]
[Date "2021.10.1"]
[Round "1"]
[White "Carlos19"]
[Black "zecafernandes"]
[Result "1/2-1/2"]
[WhiteElo "1455"]
[BlackElo "1393"]

1. e4 e5 2. Nf3 f6 3. Bc4 Nh6 4. d3 g5 5. h3 a6 6. Nc3 c6 7. O-O b5 8. Bb3 b4 9.
Ne2 a5 10. d4 exd4 11. Nexd4 Ba6 12. Re1 c5 13. Ne2 Nc6 14. Bd5 c4 15. Bxc6 dxc6
16. Qxd8+ Rxd8 17. e5 Bg7 18. Ng3 O-O 19. e6 Rde8 20. Nd4 Bb7 21. e7 Rf7 22.
Ngf5 Nxf5 23. Nxf5 Bc8 24. g4 Bh8 25. Nh6+ Kg7 26. Nxf7 Kxf7 27. f4 h6 28. fxg5
hxg5 29. a3 f5 30. Bxg5 Bxb2 31. Ra2 Bd4+ 32. Kg2 b3 33. cxb3 cxb3 34. Rd2 Bc3
35. Re5 Bxe5 36. Re2 Bd4 37. gxf5 b2 38. Re1 c5 39. Kf3 Bb7+ 40. Ke2 Bf6 41.
Bxf6 Kxf6 42. Kd2 b1=Q 43. Rxb1 Rxe7 44. Rf1 Rd7+ 45. Kc3 Ba6 46. Re1 Rd3+ 47.
Kb2 Bc4 48. Rg1 Rb3+ 49. Kc2 Rxa3 50. h4 Rh3 51. Rg4 Kxf5 52. Rxc4 Rh2+ 53. Kb3
Rh3+ 54. Ka4 Ke5 55. Rxc5+ Kd6 56. Rxa5 Rxh4+ 57. Ka3 Rh3+ 58. Kb2 Rh2+ 59. Kb1
Rh1+ 60. Kb2 Kc6 61. Ra6+ Kb5 1/2-1/2

[Event "AUTO-INT-3705"]
[Site "http://www.queenalice.com/game.php?id=1771198"]
[Date "2021.10.1"]
[Round "1"]
[White "zecafernandes"]
[Black "Carlos19"]
[Result "0-1"]
[WhiteElo "1420"]
[BlackElo "1437"]

1. e4 e5 2. a3 Nf6 3. Nc3 Bc5 4. Nh3 h6 5. b4 Bd4 6. Ra2 O-O 7. Nb5 Bb6 8. Bb2
d6 9. g4 Nxe4 10. Qe2 Qh4 11. d4 Bxg4 12. Qxe4 Nc6 13. Bd3 f5 14. Qd5+ Kh7 15.
Ng1 e4 16. Be2 Bxe2 17. Nxe2 e3 18. Ng3 exf2+ 19. Kf1 f4 20. Qe4+ Kg8 21. Nf5
Qg4 22. Qe6+ Rf7 23. d5 Qd1+ 24. Kg2 Qxc2 25. Bxg7 Qxf5 26. Re2 Qg5+ 27. Kf1 f3
28. h4 Qc1+ 29. Re1 Qc4+ 30. Re2 fxe2+ 31. Kg2 f1=Q+ 32. Rxf1 exf1=Q+ 33. Kg3
Qf3+ 34. Kh2 Qc2+ 0-1

[Event "AUTO-INT-3705"]
[Site "http://www.queenalice.com/game.php?id=1771213"]
[Date "2021.10.1"]
[Round "1"]
[White "charles31"]
[Black "zecafernandes"]
[Result "1-0"]
[WhiteElo "1646"]
[BlackElo "1422"]

1. e4 d5 2. exd5 Qxd5 3. d4 a6 4. Nc3 Qe6+ 5. Be2 Nf6 6. Nf3 b5 7. h3 b4 8. Na4
Nbd7 9. b3 g6 10. O-O h6 11. Bd2 Ne4 12. Bxb4 Bg7 13. Bc4 Qf5 14. Bd3 Bb7 15.
Qe2 Qf4 16. Rae1 Bf6 17. Bxe4 Bxe4 18. Qxe4 Qxe4 19. Rxe4 O-O 20. Rfe1 Rfe8 21.
Bxe7 Bxe7 22. Rxe7 Red8 23. Ne5 Nf6 24. Rxf7 Rxd4 25. Rxf6 Re8 26. f4 g5 27.
fxg5 hxg5 28. Rg6+ Kh7 29. Rxg5 Kh6 30. Rg6+ Kh5 31. g4+ Kh4 32. Nf3+ Kxh3 33.
Rxe8 1-0

[Event "AUTO-INT-3705"]
[Site "http://www.queenalice.com/game.php?id=1771214"]
[Date "2021.10.1"]
[Round "1"]
[White "zecafernandes"]
[Black "charles31"]
[Result "1-0"]
[WhiteElo "1411"]
[BlackElo "1659"]

1. e4 e5 2. a3 Nf6 3. Nc3 a6 4. Nf3 d6 5. h3 Nc6 6. b4 b5 7. Nd5 Nxd5 8. exd5
Ne7 9. Ng5 h6 10. Nf3 Bb7 11. c4 c5 12. bxc5 dxc5 13. Nxe5 g6 14. Qf3 b4 15.
Qxf7# 1-0

[Event "AUTO-INT-3705"]
[Site "http://www.queenalice.com/game.php?id=1771223"]
[Date "2021.10.1"]
[Round "1"]
[White "Jomaley"]
[Black "zecafernandes"]
[Result "0-1"]
[WhiteElo "1481"]
[BlackElo "1344"]

1. e4 e5 2. Nf3 Qe7 3. b3 Qf6 4. d3 h6 5. Nc3 c6 6. g4 b6 7. Be3 Na6 8. g5 Qd6
9. Bh3 hxg5 10. Nxg5 f6 11. Bxd7+ Bxd7 12. Nf3 Bg4 13. h4 g5 14. Ke2 Bh6 15. h5
Bg7 16. Qg1 Bxh5 17. Rxh5 Rxh5 18. a4 Nb4 19. Kd2 Qe6 20. a5 b5 21. Bc5 Na6 22.
b4 Bh6 23. Nh2 g4+ 24. Be3 Rd8 25. Bxh6 Nxh6 26. Rb1 Qg8 27. Qg3 Qg5+ 28. Ke2
Rh3 29. Qg2 Nxb4 30. Rxb4 Qf4 31. Nf1 Rf3 32. Ne3 g3 33. fxg3 Rxe3+ 34. Kd2
Rxg3+ 0-1

[Event "AUTO-INT-3705"]
[Site "http://www.queenalice.com/game.php?id=1771224"]
[Date "2021.10.1"]
[Round "1"]
[White "zecafernandes"]
[Black "Jomaley"]
[Result "0-1"]
[WhiteElo "1359"]
[BlackElo "1525"]

1. e4 e5 2. a3 Qf6 3. f3 Bc5 4. Nh3 h6 5. b4 Bd4 6. c3 Bb6 7. Nf2 Bxf2+ 8. Ke2
Bb6 9. d4 exd4 10. Bb2 dxc3 11. Nxc3 Qg5 12. Bc1 Qe5 13. Bb2 c6 14. Ra2 Qe6 15.
Na4 Qxa2 16. Qc2 Qe6 17. Kd1 Qd6+ 18. Kc1 Be3+ 19. Kb1 f6 20. Bd3 b5 21. Nc5
Bxc5 22. bxc5 Qe7 23. Re1 Qf7 24. Bd4 Ne7 25. e5 O-O 26. a4 bxa4 27. Qxa4 fxe5
28. Bxe5 Na6 29. Bc4 Nd5 30. Bd6 Nc3+ 0-1

[Event "Challenge"]
[Site "http://www.queenalice.com/game.php?id=1772782"]
[Date "2021.10.21"]
[Round "-"]
[White "AdilsonGomes"]
[Black "zecafernandes"]
[Result "1-0"]
[WhiteElo "1493"]
[BlackElo "1395"]

1. b3 Nc6 2. Bb2 f6 3. e3 a6 4. d4 e5 5. Nf3 b5 6. dxe5 Bb4+ 7. c3 Qe7 8. cxb4
Nxb4 9. a3 Nc6 10. exf6 Nxf6 11. b4 Nh5 12. Be2 Bb7 13. O-O O-O-O 14. Nbd2 Rhg8
15. Bd3 g6 16. Qe2 Rde8 17. Nb3 Qe6 18. Nbd4 Qg4 19. h3 Ng3 20. hxg4 Nxe2+ 21.
Nxe2 Nd8 22. Rac1 Bc6 23. Ned4 Bd5 24. Ng5 Rh8 25. Ndf3 Ne6 26. Nxe6 Rhg8 27.
Nf4 Bb7 28. Ng5 d5 29. Nxh7 Rd8 30. Nxg6 Kb8 31. Nf6 Rh8 32. Nxh8 Rxh8 33. Nd7+
Kc8 34. Bxh8 Kxd7 35. f4 Bc8 36. Bf5+ Kd8 37. Bf6+ 1-0

[Event "Challenge"]
[Site "http://www.queenalice.com/game.php?id=1772783"]
[Date "2021.10.21"]
[Round "-"]
[White "zecafernandes"]
[Black "AdilsonGomes"]
[Result "0-1"]
[WhiteElo "1383"]
[BlackElo "1505"]

1. e4 b6 2. g3 Bb7 3. Nc3 e6 4. a3 Nf6 5. Bh3 Nxe4 6. Bg2 d5 7. Nh3 Nxc3 8. dxc3
Be7 9. Qd4 O-O 10. Rg1 h6 11. Nf4 Bf6 12. Qd3 Nc6 13. Qf3 Ne5 14. Qh5 Qd6 15.
Bd2 Nc4 16. Rb1 Nxd2 17. Kxd2 Qc5 18. Qf3 Bg5 19. h4 Bxf4+ 20. Qxf4 c6 21. b4
Qb5 22. Bf1 Qa4 23. Rb3 Ba6 24. Bxa6 Qxa6 25. Qd6 Qb7 26. g4 Rfd8 27. Qe5 Qe7
28. g5 hxg5 29. Rxg5 f6 30. Rxg7+ Kxg7 31. Qg3+ Kf7 32. h5 Rh8 33. Qg6+ Kf8 34.
c4 dxc4 35. Rh3 Qg7 36. Rg3 Qxg6 37. hxg6 Kg7 38. f4 f5 39. Kc3 b5 40. Kd4 Rh6
41. Kc5 Rc8 42. Kd6 Rxg6 43. Rg5 Rxg5 44. Kxe6 Rg6+ 45. Kxf5 Rf8+ 46. Ke4 Rgf6
47. Ke5 Re8+ 48. Kd4 Rxf4+ 49. Kc5 c3 50. Kxc6 Rf2 51. Kxb5 Rxc2 52. Ka6 Ra2 53.
Kxa7 c2 54. b5 c1=Q 0-1

[Event "AUTO-INT-3715"]
[Site "http://www.queenalice.com/game.php?id=1774653"]
[Date "2021.11.12"]
[Round "1"]
[White "saturnin"]
[Black "zecafernandes"]
[Result "1-0"]
[WhiteElo "1485"]
[BlackElo "1378"]

1. c4 e5 2. e4 Nf6 3. d3 Nc6 4. a3 h6 5. b4 h5 6. Bb2 Ng4 7. Nf3 a5 8. b5 Bc5 9.
d4 exd4 10. Nxd4 Qf6 11. f3 Ne3 12. Qd3 Bxd4 13. Bxd4 Nxd4 14. Ra2 Ndc2+ 15.
Rxc2 Nxc2+ 16. Qxc2 O-O 17. a4 b6 18. Nc3 Re8 19. Bd3 d6 20. Nd5 Qd8 21. O-O Qg5
22. f4 Qg4 23. h3 Qg3 24. Nxc7 Qe3+ 25. Kh1 Bxh3 26. Nxa8 Rxa8 27. gxh3 Qxh3+
28. Kg1 Qg3+ 29. Kh1 g6 30. Be2 Kg7 31. Qd3 Qh4+ 32. Kg2 g5 33. fxg5 Qxg5+ 34.
Kf2 Qf6+ 35. Ke1 Qa1+ 36. Bd1 Qe5 37. Rg1+ Kh6 38. Rh1 Rg8 39. Rxh5+ Qxh5 40.
Bxh5 Kxh5 41. Qxd6 Rg1+ 42. Kf2 Rg4 43. Qxb6 Kh4 44. Qh6# 1-0

[Event "AUTO-INT-3715"]
[Site "http://www.queenalice.com/game.php?id=1774654"]
[Date "2021.11.12"]
[Round "1"]
[White "zecafernandes"]
[Black "saturnin"]
[Result "0-1"]
[WhiteElo "1370"]
[BlackElo "1484"]

1. e4 e5 2. a3 c6 3. d4 exd4 4. Qxd4 Nf6 5. Bg5 c5 6. Qe5+ Qe7 7. Qc7 Qxe4+ 8.
Be3 Qc6 9. Qe5+ Be7 10. Nc3 d6 11. Qf4 d5 12. Bb5 d4 13. Bxc6+ Nxc6 14. Nd5 Nxd5
15. Qg3 dxe3 16. fxe3 O-O 17. e4 Nf6 18. Qf3 Ne5 19. Qf4 Bd6 20. Rd1 Nd3+ 0-1

[Event "AUTO-INT-3715"]
[Site "http://www.queenalice.com/game.php?id=1774675"]
[Date "2021.11.12"]
[Round "1"]
[White "Archer"]
[Black "zecafernandes"]
[Result "1-0"]
[WhiteElo "1653"]
[BlackElo "1348"]

1. e4 e5 2. Nf3 Bd6 3. Bc4 Qf6 4. d3 h6 5. a4 Ne7 6. a5 a6 7. Be3 Qg6 8. g3 Nec6
9. Nh4 Qf6 10. Qe2 b5 11. axb6 cxb6 12. Bd5 Ra7 13. Bxb6 Rb7 14. Be3 Rxb2 15.
O-O Nd4 16. Bxd4 exd4 17. Nf5 Bb4 18. Na3 g6 19. Nh4 Qe5 20. Nc4 Qg5 21. Rfb1
Rxb1+ 22. Rxb1 Bc3 23. Nd6+ Ke7 24. Rxb8 Kxd6 25. f4 Qd8 26. Bxf7 Qc7 27. Rb1
Ke7 28. Bxg6 d6 29. Nf5+ Bxf5 30. exf5+ Kf6 31. Qe6+ Kg7 32. Bh5 Rf8 33. Qg6+
Kh8 34. Qxh6+ Kg8 35. f6 Qh7 36. Qg5+ Kh8 37. Rb6 Ba5 38. Qxa5 Qxh5 39. Qxh5+
1-0

[Event "AUTO-INT-3715"]
[Site "http://www.queenalice.com/game.php?id=1774676"]
[Date "2021.11.12"]
[Round "1"]
[White "zecafernandes"]
[Black "Archer"]
[Result "1-0"]
[WhiteElo "1352"]
[BlackElo "1654"]

1. e4 e6 2. h4 b6 3. a3 Ba6 4. Bxa6 Nxa6 5. Qe2 Nc5 6. Nf3 g6 7. b4 Na4 8. Ra2
a5 9. Qb5 Nc5 10. Bb2 f6 11. Qc4 Na4 12. Bd4 e5 13. Nxe5 h5 14. Nxg6 Rh7 15.
Qxg8 Rf7 16. Rh3 d5 17. Re3 Kd7 18. Qxf7+ Kc8 19. Bxf6 Qd7 20. Qxf8+ Kb7 21. Qh6
b5 22. Rd3 Re8 23. f3 Qd6 24. Be5 Rxe5 25. Nc3 Re6 26. Rxd5 Qc6 27. Rxb5+ Ka6
28. Rxa5+ Kb7 29. b5 Qd6 30. Nxa4 Rxg6 31. Qxh5 Rxg2 32. Nc5+ Kb6 33. Ra6+ Kxb5
34. Rb2+ Kc4 35. d3+ Kc3 36. Na4+ Kd4 37. Rxd6+ Ke3 38. Qc5+ Kxf3 39. Rf6+ Kg3
40. Rg6+ Kf3 41. Rxg2 Kf4 42. Qxc7+ Ke3 43. Rb4 Kf3 44. Qg3# 1-0

[Event "Challenge"]
[Site "http://www.queenalice.com/game.php?id=1774723"]
[Date "2021.11.13"]
[Round "-"]
[White "cristal_negro"]
[Black "zecafernandes"]
[Result "1-0"]
[WhiteElo "1923"]
[BlackElo "1372"]

1. e4 e5 2. Nf3 f6 3. Bc4 Nc6 4. c3 Na5 5. Bd3 a6 6. O-O Nh6 7. Be2 d5 8. d4
dxe4 9. Nh4 exd4 10. cxd4 f5 11. g3 g5 12. Bh5+ Nf7 13. Bxf7+ Kxf7 14. Qh5+ Kg8
15. Bxg5 Qxd4 16. Nc3 b5 17. Be3 Qb4 18. Rab1 Nc4 19. Bd4 Bg7 20. Bxg7 Nd2 21.
Bxh8 Qe7 22. Nd5 Qf7 23. Nf6+ 1-0

[Event "AUTO-OPEN-4326"]
[Site "http://www.queenalice.com/game.php?id=1775945"]
[Date "2021.11.30"]
[Round "1"]
[White "zecafernandes"]
[Black "Deo"]
[Result "0-1"]
[WhiteElo "1366"]
[BlackElo "2035"]

1. e4 e5 2. d4 exd4 3. Qxd4 Nc6 4. Qd3 Bc5 5. Qf3 d6 6. Nh3 Nd4 7. Qc3 Bxh3 8.
gxh3 Qf6 9. Bg2 O-O-O 10. b4 Bb6 11. Bb2 Qh4 12. Nd2 Nxc2+ 13. Ke2 Qxf2+ 14. Kd1
Ne3+ 15. Kc1 Qxg2 16. Re1 Nf6 17. Qd3 Nh5 18. Nf1 Nf4 19. Qd2 Qxd2+ 20. Nxd2
Nd3+ 21. Kb1 Nxe1 22. Bxg7 Rhg8 23. Bh6 N3c2 24. Nb3 Nxa1 25. Nxa1 Rg2 26. a4
Bd4 27. h4 Bxa1 28. Kxa1 Nd3 29. b5 Re8 30. b6 Rxe4 31. a5 Re1+ 0-1

[Event "AUTO-OPEN-4326"]
[Site "http://www.queenalice.com/game.php?id=1775964"]
[Date "2021.11.30"]
[Round "1"]
[White "josebaron"]
[Black "zecafernandes"]
[Result "1-0"]
[WhiteElo "2663"]
[BlackElo "1350"]

1. e4 a6 2. d4 g6 3. Nf3 h6 4. Bc4 Nf6 5. Nc3 d6 6. e5 Ng4 7. h3 Nxf2 8. Kxf2 b5
9. Bd5 Ra7 10. Bb3 Bb7 11. e6 f6 12. Nh4 Rg8 13. Nxg6 Rxg6 14. Qh5 Qc8 15. Qxg6+
Kd8 16. Qg8 d5 17. Qxf8# 1-0

[Event "AUTO-OPEN-4326"]
[Site "http://www.queenalice.com/game.php?id=1775965"]
[Date "2021.11.30"]
[Round "1"]
[White "zecafernandes"]
[Black "josebaron"]
[Result "0-1"]
[WhiteElo "1380"]
[BlackElo "2664"]

1. e4 e5 2. d4 exd4 3. Qxd4 Nc6 4. Qd1 d6 5. h3 Nf6 6. Nc3 Be7 7. Nf3 O-O 8. Ng5
h6 9. Nh7 Nxh7 10. Nd5 Nf6 11. Qf3 Ne5 12. Qg3 Nxe4 13. Qf4 f5 14. Be2 Bg5 15.
Qh2 Bxc1 16. Rxc1 c6 17. f4 Qa5+ 18. Kf1 Qxd5 19. Rd1 Qc5 20. Qg1 Ng3+ 21. Ke1
Qb4+ 22. c3 Qxf4 23. Qh2 Qe3 0-1

[Event "AUTO-OPEN-4326"]
[Site "http://www.queenalice.com/game.php?id=1775974"]
[Date "2021.11.30"]
[Round "1"]
[White "Carlos19"]
[Black "zecafernandes"]
[Result "1-0"]
[WhiteElo "1568"]
[BlackElo "1360"]

1. e4 a6 2. d4 d5 3. e5 c6 4. Nf3 h6 5. Bf4 Qa5+ 6. Bd2 Qb6 7. b3 Bg4 8. c4 e6
9. c5 Qc7 10. h3 Bf5 11. g4 Be4 12. Bg2 b6 13. b4 a5 14. Nc3 Bg6 15. b5 bxc5 16.
Qa4 Bd3 17. bxc6 Nxc6 18. g5 Be7 19. h4 Kf8 20. Bf1 cxd4 21. Nxd5 Qd7 22. Nxe7
Be4 23. Bb5 Qxe7 24. Bxc6 Bxf3 25. Bxf3 Qc5 26. Bxa8 Qxe5+ 27. Kd1 hxg5 28. Bxg5
f6 29. Qa3+ Ne7 30. Bd2 Kf7 31. Bf3 d3 32. Qc3 Qf5 33. Qxa5 Qxf3+ 34. Kc1 Qxh1+
35. Kb2 Rb8+ 36. Bb4 Qf3 37. Ka3 d2+ 38. Bc3 1-0

[Event "AUTO-OPEN-4326"]
[Site "http://www.queenalice.com/game.php?id=1775975"]
[Date "2021.11.30"]
[Round "1"]
[White "zecafernandes"]
[Black "Carlos19"]
[Result "0-1"]
[WhiteElo "1365"]
[BlackElo "1446"]

1. e4 e5 2. a3 Nf6 3. Nc3 Bc5 4. Nf3 d6 5. Bc4 O-O 6. O-O h6 7. Nh4 Nxe4 8. Nxe4
Qxh4 9. Nxc5 Qxc4 10. Nd3 Nc6 11. b3 Qd4 12. Ra2 a5 13. Bb2 Qe4 14. f3 Qg6 15.
Re1 Bh3 16. g3 Rfe8 17. g4 h5 18. Nf2 hxg4 19. Nxh3 gxh3+ 20. Kh1 Qg2# 0-1

[Event "AUTO-OPEN-4332"]
[Site "http://www.queenalice.com/game.php?id=1778111"]
[Date "2021.12.23"]
[Round "1"]
[White "SGF"]
[Black "zecafernandes"]
[Result "1-0"]
[WhiteElo "1710"]
[BlackElo "1364"]

1. e4 a6 2. Qf3 f6 3. d3 h6 4. Be2 e5 5. Qg3 Bb4+ 6. c3 Bc5 7. Qxg7 Bf8 8. Qxh8
Kf7 9. Bh5+ Ke7 10. Qxg8 Kd6 11. Bxh6 Qe7 12. Bxf8 1-0

[Event "AUTO-OPEN-4332"]
[Site "http://www.queenalice.com/game.php?id=1778112"]
[Date "2021.12.23"]
[Round "1"]
[White "zecafernandes"]
[Black "SGF"]
[Result "0-1"]
[WhiteElo "1362"]
[BlackElo "1842"]

1. e4 e5 2. a3 Qf6 3. f3 d6 4. h3 Be7 5. Ne2 Qg6 6. d4 Nc6 7. Ng3 Nxd4 8. Bd3
Qxg3+ 9. Kd2 Qxg2+ 10. Kc3 Nxf3 11. Nd2 Nxd2 12. Bxd2 Bxh3 13. Qe1 Nf6 14. Qh4
Nd5+ 15. exd5 Bxh4 0-1

[Event "AUTO-OPEN-4332"]
[Site "http://www.queenalice.com/game.php?id=1778125"]
[Date "2021.12.23"]
[Round "1"]
[White "mitsho"]
[Black "zecafernandes"]
[Result "1-0"]
[WhiteElo "1900"]
[BlackElo "1350"]

1. d4 d5 2. c4 h6 3. Nf3 Nf6 4. g3 dxc4 5. e3 b5 6. Bg2 e5 7. O-O e4 8. Ne5 c5
9. Nc3 Ba6 10. Nxe4 Nbd7 11. Nxf6+ 1-0

[Event "AUTO-OPEN-4332"]
[Site "http://www.queenalice.com/game.php?id=1778126"]
[Date "2021.12.23"]
[Round "1"]
[White "zecafernandes"]
[Black "mitsho"]
[Result "0-1"]
[WhiteElo "1352"]
[BlackElo "1898"]

1. e4 e5 2. a3 Nf6 3. Qf3 Nc6 4. Nh3 d5 5. Qd3 Be6 6. Ng5 Nxe4 7. Nxe6 fxe6 8.
g3 Bc5 9. Qf3 Nd4 10. Qg4 Qf6 11. Qxe4 dxe4 0-1